Mechanical foundations of engineering science /

Bibliographic Details
Main Author: Edmunds, H. G. (Henry George), 1920-
Format: Book
Language:English
Published: Chichester, West Sussex, England : New York : E. Horwood ; Halsted Press, 1981.
Series:Ellis Horwood series in engineering science.
Subjects:

MARC

Tag First Indicator Second Indicator Subfields
LEADER 00000pam a2200000 a 4500
001 in00000084081
005 20151008055647.0
008 810528s1981 enka 00110 eng
010 |a  81006566  
020 |a 0853122814 :  |c 17.50 
035 |a (OCoLC)07576172 
035 |9 AAJ4044AM 
039 0 |a 2  |b 3  |c 3  |d 3  |e 3 
040 |a DLC  |c DLC  |d TXA  |d UtOrBLW 
049 |a TXAM  |c [951960] 
050 0 0 |a TA350  |b .E25 1981 
082 0 |a 531  |2 19 
100 1 |a Edmunds, H. G.  |q (Henry George),  |d 1920- 
245 1 0 |a Mechanical foundations of engineering science /  |c H.G. Edmunds. 
264 1 |a Chichester, West Sussex, England :  |b E. Horwood ;  |a New York :  |b Halsted Press,  |c 1981. 
300 |a 429 pages :  |b illustrations ;  |c 24 cm. 
336 |a text  |b txt  |2 rdacontent 
337 |a unmediated  |b n  |2 rdamedia 
338 |a volume  |b nc  |2 rdacarrier 
490 1 |a Ellis Horwood series in engineering science 
500 |a Includes index. 
650 0 |a Mechanics, Applied. 
650 0 |a Engineering. 
830 0 |a Ellis Horwood series in engineering science. 
999 |a MARS 
999 f f |s 91bdb229-53f5-33ba-9a5f-2010a058d8a4  |i 9ab5e2be-886d-337e-9f46-fcf7b0d78b16  |t 0 
952 f f |p ric  |a Texas A&M University  |b Rellis Campus  |c Joint Library Facility  |d Remote Storage  |t 0  |e TA350 .E25 1981  |h Library of Congress classification  |i unmediated -- volume  |m A14806241546 
998 f f |a TA350 .E25 1981  |t 0  |l Remote Storage